| 000 | 00562pam a2200217 a 4500 | ||
|---|---|---|---|
| 001 | 1932745 | ||
| 005 | 20180220050142.0 | ||
| 008 | 860417s1986 nyua b 001 0 eng | ||
| 010 | _a 86010179 | ||
| 020 |
_a0312265476 : _c$25.00 (est.) |
||
| 040 |
_aDLC _cDLC _dDLC |
||
| 041 | _aeng | ||
| 080 | _a330 HAM | ||
| 082 | 0 | 0 |
_a330 HAM _219 |
| 100 | 1 | _a52 | |
| 101 | _aEKO | ||
| 245 | 1 | 0 |
_aEthics, economics, and the state / _cAlan P. Hamlin. |
| 504 | _aBibliography: p. 186-193. | ||
| 906 |
_a7 _bcbc _corignew _d1 _eocip _f19 _gy-gencatlg |
||
| 942 |
_2ddc _cBK |
||
| 999 |
_c42907 _d42907 |
||